Pooh and friends : (Record no. 9094)

MARC details
000 -LEADER
fixed length control field 00983nam a22002897a 4500
001 - CONTROL NUMBER
control field 9094
003 - CONTROL NUMBER IDENTIFIER
control field FISKH
005 - DATE AND TIME OF LATEST TRANSACTION
control field 20251119143200.0
008 - FIXED-LENGTH DATA ELEMENTS--GENERAL INFORMATION
fixed length control field 251119b cb ||||| |||| 00| 0 eng d
020 ## - INTERNATIONAL STANDARD BOOK NUMBER
International Standard Book Number 9781590697368
040 ## - CATALOGING SOURCE
Original cataloging agency FISKH
Language of cataloging eng
Transcribing agency FISKH
Modifying agency FISKH
082 ## - DEWEY DECIMAL CLASSIFICATION NUMBER
Classification number 535.6
100 ## - MAIN ENTRY--PERSONAL NAME
Personal name Galvin , Luara Gates
245 ## - TITLE STATEMENT
Title Pooh and friends :
Remainder of title Colors and shapes /
Statement of responsibility, etc. Written by Laura Gates Galvin
250 ## - EDITION STATEMENT
Edition statement First Edition 2008
260 ## - PUBLICATION, DISTRIBUTION, ETC.
Place of publication, distribution, etc. Norwalk :
Name of publisher, distributor, etc. Disney Enterprises , Inc. ,
Date of publication, distribution, etc. 2008 .
300 ## - PHYSICAL DESCRIPTION
Extent 23 unnumbered pages :
Other physical details color illustrations ;
Dimensions 16 X 20 cm .
490 ## - SERIES STATEMENT
Series statement Disnep Winnie the Pooh
505 ## - FORMATTED CONTENTS NOTE
Formatted contents note C <br/>
520 ## - SUMMARY, ETC.
Summary, etc. Children can explore the world of colors and shapes with Winnie the Pooh, Piglet and all their friends from the Hundred-Acre Wood.
521 8# - TARGET AUDIENCE NOTE
Target audience note 90 <br/>
Source Lexile estimate <br/>
521 8# - TARGET AUDIENCE NOTE
Target audience note C <br/>
Source Raz-Plus <br/>
700 ## - ADDED ENTRY--PERSONAL NAME
Personal name Odierno, Lisa
Relator term Editor
700 ## - ADDED ENTRY--PERSONAL NAME
Personal name Shriver, Chelsea
Relator term Editor
942 ## - ADDED ENTRY ELEMENTS (KOHA)
Source of classification or shelving scheme Dewey Decimal Classification
Koha item type Books
Suppress in OPAC No
Holdings
Withdrawn status Lost status Source of classification or shelving scheme Damaged status Not for loan Collection Home library Current library Shelving location Date acquired Total Checkouts Full call number Barcode Date last seen Date last checked out Price effective from Koha item type
    Dewey Decimal Classification     Juvenile Fiction Footprints International School Library Network Toul Tom Poung Campus Footprints International School Library Network Toul Tom Poung Campus TTP Primary Green Bookshelves 11/19/2025 1 GAL 535.6 FISTK02834 01/29/2026 01/22/2026 11/19/2025 Books